| 000 | 00368nam a2200157Ia 4500 | ||
|---|---|---|---|
| 100 | _aSchildt/ & others/ Pappas/Chris | ||
| 490 | _v3 | ||
| 942 | _cBK | ||
| 654 | _aComputer | ||
| 245 | _aOsborne Windows Programming Series | ||
| 260 |
_bOsborne Mc graw Hill _aNew York _c1994 |
||
| 082 |
_a005.133'W' _bSCH |
||
| 300 | _a874 | ||
| 546 | _aENGLISH | ||
| 999 |
_c23645 _d23645 |
||